000 00310nam a22001217a 4500
008 180522b xxu||||| |||| 00| 0 eng d
041 _aeng
080 _a043.3
100 _a0
101 _aSHKI-MA
245 _aKrahasimi dhe kontrollimi i trafikut ne teknologjine MPLS dhe IP
_cKapiti, Xh
942 _2udc
_cBK
999 _c46156
_d46156